| 000 | 00812nam a22002537a 4500 | ||
|---|---|---|---|
| 001 | 45137 | ||
| 003 | UA-OsUOA | ||
| 005 | 20201128170428.0 | ||
| 007 | ta | ||
| 008 | 20110927b un ||||| |||| 00| 0 ukr d | ||
| 040 |
_aUA-OsUOA _bukr _cUA-OsUOA _dUA-OsUOA |
||
| 041 | _aukr | ||
| 080 | _a09.-27(477) | ||
| 090 |
_a09.-27(477) _bТ33 |
||
| 100 | _aТеодорович І. | ||
| 245 | _aУнія в першій зустрічі з відродженою церквою українського народу | ||
| 260 |
_aВінніпег _c1925 |
||
| 300 | _a64 с. | ||
| 650 | 7 |
_a0 Загальний відділ. _2UDC |
|
| 942 |
_cBK _2udc |
||
| 955 | _a4 | ||
| 999 |
_c425242 _d425242 |
||